000 00375nam a2200133Ia 4500
008 211109s9999||||xx |||||||||||||| ||und||
082 _a791.4
_bRAY-O
100 _aRay, Satyajit
245 0 _aOur Films Their Flims
260 _bOrient Longman Limited
_aPatna
_c1976
630 _xGeneral Stack
650 _aARTS
_vPERFORMING ARTS
_xMOTION PICTURESFILMSEnglish
942 _cBOOK
999 _c73009
_d73009